000 00324nam a22001457a 4500
003 SGT
020 _a9788119415755
082 _a341
_bAGA
100 _aAGARWAL H O
245 _aINTERNATIONAL LAW & HUMAN RIGHTS
250 _a24
260 _aPRAYAGRAJ
_bCENTRAL LAW PUBLICATION
_c2025
300 _a1015
942 _2ddc
_cBK
999 _c34096
_d34096